000 00369nam a22001217a 4500
999 _c530589
_d530589
008 250625b ||||| |||| 00| 0 eng d
100 _aShankar, S Prabhu and Rajkamal, A
_954749
245 _aConcept mapping strategies for effective learning
260 _aUniversity News
300 _a63(21), May-Jun 26-01, 2025: p.10-15
773 _0University News
942 _cAR